01015nam a2200265 i 4500001001000000003000900010005001700019007000300036008004100039020001500080040003000095041000800125082001900133100005100152245009000203264004600293300004500339336002700384337003300411338002700444500009000471500007400561500007100635700004300706000027451DO-SdBNP20250724085430.0ta110331s1998 dr a 000 | spa d a8484002721 aDO-SdBNPbspacBNPHUerda aspa 4axxxbA473L2221 aAlvarez Santana, Fermín,d1948-eautor4aut.14aLos llanos del Guabatico /cFermín Alvarez Santana ; prólogo, Pericles Tavárez. 4aSanto Domingo :bEditora Taller,c©1998. a129 páginas :bilustraciones ;c21 cm. atextobtxt2rdacontent asin mediaciónbn2rdamedia avolumenbn2rdacarrier aUna publicación del Ayuntamiento de San José de los Llanos, cuatrienio 1994-1998. aIncluye referencias bibliográficas y notas al pie de las páginas. aIncluye datos biográficos del autor en la solapa de la cubierta.1 aTavárez, Pericles,eprologuista4pr.